Complete the Movie Title (2012) - Statistics

General Stats
  • This quiz has been taken 524 times
  • The average score is 17 of 25
Answer Stats
Hint Answer % Correct
The _____ Games Hunger
95%
The Dark _____ Rises Knight
92%
The _____ Saga: Breaking Dawn - Part 2 Twilight
90%
Wreck-It _____ Ralph
89%
The Girl with the _____ Tattoo Dragon
88%
Ice Age: Continental _____ Drift
86%
Snow White and the _____ Huntsman
83%
We Bought a _____ Zoo
80%
Magic _____ Mike
79%
The Bourne _____ Legacy
78%
The Hobbit: Unexpected _____ Journey
76%
Sherlock Holmes: A _____ of Shadows Game
70%
Mission: Impossible - _____ Protocol Ghost
70%
The _____ Inside Devil
69%
Wrath of the _____ Titans
60%
Ghost Rider: Spirit of _____ Vengeance
58%
Rise of the _____ Guardians
57%
Journey 2: The Mysterious _____ Island
56%
Think Like a _____ Man
56%
Moonrise _____ Kingdom
53%
_____: Awakening Underworld
52%
The _____ in Black Woman
52%
Dark _____ Shadows
42%
American _____ Reunion
34%
Red _____ Tails
20%
No matching quizzes found
Score Distribution
Percent of People with Each Score
Percentile by Number Answered
Your Score History
You have not taken this quiz